000 02155cam a2200289 4500500
005 20251228050016.0
041 _afre
042 _adc
100 1 0 _aJaffro, Laurent
_eauthor
245 0 0 _aLe cogito de Berkeley
260 _c2004.
500 _a71
520 _aCette étude entend rendre compte de la conception que propose George Berkeley de la connaissance de mon existence en tant qu’esprit. Il s’agit en particulier d’interpréter sa formulation du cogito : « Je sais ce que j’entends par les termes je et moi-même ». Cette question est liée aux problèmes intrinsèques de la doctrine controversée des « notions » et plus généralement de la sémantique berkeleyenne. On doit accorder une certaine attention aux différences d’accent entre des passages parallèles des Principes de la connaissance humaine, des Trois dialogues et de l’Alciphron VII. Les principales interprétations XXe siècle, usuel dans le commentaire, est une source de simplification abusive.
520 _aThis paper sets out to examine George Berkeley’s conception of knowledgeof one’s own existence as a ‘‘ spirit ’’, with particular focus on interpretating his formulation of the cogito : ‘‘ I know what I mean by the terms I and myself ’’. This formulation is bound up with intrinsic difficulties in Berkeley’s controverted doctrine of ‘‘ notions ’’. Attention is paid to differences of emphasis between similar passages in Principles of Human Knowledge, Three Dialogues and Alciphron VII. The main current interpretations are discussed, and the common recourse to 20th century conceptions of meaning is criticized as oversimplified.
690 _aCogito
690 _aConnaissance
690 _aGeorge Berkeley
690 _aSémantique
690 _aSignification
690 _aCogito
690 _aGeorge Berkeley
690 _aKnowledge
690 _aMeaning
690 _aSemantics
786 0 _nArchives de philosophie | 67 | 1 | 2004-03-01 | p. 85-111 | 0003-9632
856 4 1 _uhttps://shs.cairn.info/revue-archives-de-philosophie-2004-1-page-85?lang=fr&redirect-ssocas=7080
999 _c1579592
_d1579592